LDR 01407naa#a2200217#i#450# 001 RU\\bibl\126630 005 20260703192730.5 011 ## _a2587-6740 100 ## _a20260615b2026####ek#y0rusy0150####ca 102 ## _aRU 200 1# _aГосударственная поддержка интеграции скотоводства и агротуризма в условиях глобальных вызовов _eЖурнальная статья 210 1# _aМосква _cЭлектронная наука _d2026 215 ## _a4 с. 608 ## _aЖурнальная статья _2local 675 ## _aЭкономика сельского хозяйства. Продовольственный комплекс. 338.43 _aОбщее животноводство. Разведение млекопитающих животных и птиц. Скотоводство. Домашние животные и их разведение. 636 _aЭкономическая политика в области туризма. Экономика туризма. 338.48 _z 700 #1 _aДжанчарова _gГульнара Каримхановна 700 #1 _aЕрошкин _gСергей Юрьевич 700 #1 _aЛебедева _gОльга Евгеньевна 700 #1 _aЛебедев _gКонстантин Анатольевич 700 #1 _aБердалин _gАмангали Бисембайулы 856 4# _aqje.su _u